000 00488pab a2200157 454500
008 180718b2009 xxu||||| |||| 00| 0 eng d
100 _aKonar, Arup Kanti
245 _aNew derivation of samuelson's (1947) utility possibility curve by analogy of Konar's (2006) diagram for the contribution to economic (s) education
260 _c2009
300 _ap.435-42.
362 _aDec
650 _aEconomics of education
773 _aAsian Economic Review
908 _aN
909 _a86088
999 _c86088
_d86088